MEASURING AMERICA : (Record no. 163517)

MARC details
000 -LEADER
fixed length control field 01255njm a2200313 i 4500
001 - CONTROL NUMBER
control field C2-0275500
003 - CONTROL NUMBER IDENTIFIER
control field PPAK
005 - DATE AND TIME OF LATEST TRANSACTION
control field 20211116105736.0
008 - FIXED-LENGTH DATA ELEMENTS--GENERAL INFORMATION
fixed length control field 061018s2003 cau|||| ||||| | eng d
020 ## - INTERNATIONAL STANDARD BOOK NUMBER
International Standard Book Number 1400130905
International Standard Book Number 9781400130900
040 ## - CATALOGING SOURCE
Original cataloging agency PPAK
Language of cataloging eng
Transcribing agency PPAK
Description conventions rda
082 04 - DEWEY DECIMAL CLASSIFICATION NUMBER
Edition number 23
Classification number 973
090 00 - LOCALLY ASSIGNED LC-TYPE CALL NUMBER (OCLC); LOCAL CALL NUMBER (RLIN)
Classification number (OCLC) (R) ; Classification number, CALL (RLIN) (NR) 973
Feature heading MEA
Feature heading LCK
245 00 - TITLE STATEMENT
Title MEASURING AMERICA :
Remainder of title How an Untamed Wilderness Shaped the United States and Fulfilled the Promise of Democracy /
Statement of responsibility, etc. Read by Alan Sklar.
264 #1 - PRODUCTION, PUBLICATION, DISTRIBUTION, MANUFACTURE, AND COPYRIGHT NOTICE
Place of production, publication, distribution, manufacture [San Clemente, Calif.] :
Name of producer, publisher, distributor, manufacturer Tantor Media,
Date of production, publication, distribution, manufacture, or copyright notice 2003
300 ## - PHYSICAL DESCRIPTION
Extent 1 online resource (1 sound file) :
Other physical details sound, color ;
Dimensions 4 3/4 in
336 ## - CONTENT TYPE
Source rdacontent
Content type term text
337 ## - MEDIA TYPE
Source rdamedia
Media type term unmediated
338 ## - CARRIER TYPE
Source rdacarrier
Carrier type term volume
500 ## - GENERAL NOTE
General note CD 0659/06
General note Compact disc.<br/>"3 minute tracks."
520 ## - SUMMARY, ETC.
Summary, etc. Linklater's fascinating, provocative and eye-opening story of why America has ended up with its unique system of weights and measures, is explained in this volume that also shows how it has shaped the culture and country.
651 10 - SUBJECT ADDED ENTRY--GEOGRAPHIC NAME
Geographic name United States
Form subdivision Geography.
Geographic name United States
Form subdivision Surveys
-- History
Geographic name United States
Form subdivision Territorial expansion.
700 1# - ADDED ENTRY--PERSONAL NAME
Personal name Linklater, Andro,
Relator term compiler.
942 ## - ADDED ENTRY ELEMENTS (KOHA)
Koha item type Book
Source of classification or shelving scheme Dewey Decimal Classification
Holdings
Withdrawn status Lost status Source of classification or shelving scheme Damaged status Not for loan Current library Shelving location Date acquired Source of acquisition Total Checkouts Full call number Barcode Date last seen Copy number Cost, replacement price Koha item type
    Dewey Decimal Classification     Perpustakaan Alor Setar American Corner 19/10/2006 Lincoln Resource Center   LCK 973 MEA A00810659 05/07/2018 H010659 10.00 Compact Disc